Musical Act by First Three Albums - Statistics

General Stats
  • This quiz has been taken 4,511 times
    1,616 since last reset
  • The average score is 8 of 20
Answer Stats
Hint Answer % Correct
19; 21; 25 Adele
88%
The College Dropout; Late Registration; Graduation Kanye West
68%
Definitely Maybe; (What's the Story) Morning Glory?; Be Here Now Oasis
67%
Dangerously in Love; B'Day; I Am... Sasha Fierce Beyoncé
66%
Licensed to Ill; Paul's Boutique; Check Your Head Beastie Boys
52%
Ten; Vs.; Vitalogy Pearl Jam
46%
Boy; October; War U2
46%
(Self-titled); (Self-titled) II; Sheer Heart Attack Queen
42%
The Piper at the Gates of Dawn; A Saucerful of Secrets; More Pink Floyd
40%
Whatever People Say I Am, That's What I'm Not; Favourite Worst Nightmare; Humbug Arctic Monkeys
39%
(Self-titled); Plastic Letters; Parallel Lines Blondie
38%
Outlandos d'Amour; Reggatta de Blanc; Zenyatta Mondatta The Police
35%
Music of the Sun; A Girl Like Me; Good Girl Gone Bad Rihanna
32%
Is This It; Room on Fire; First Impressions of Earth The Strokes
32%
Funeral; Neon Bible; The Suburbs Arcade Fire
31%
Surfer Rosa; Doolittle; Bossanova Pixies
30%
(Self-titled); Strange Days; Waiting for the Sun The Doors
29%
(Self-titled); Leave Home; Rocket to Russia The Ramones
22%
(Self-titled); Freaky Styley; The Uplift Mofo Party Plan Red Hot Chili Peppers
18%
(Self-titled); Fun House; Raw Power The Stooges
18%
No matching quizzes found
Score Distribution
Percent of People with Each Score
Percentile by Number Answered
Your Score History
You have not taken this quiz since the last reset